[Event "SR 1. liga zapad 2011/2012"]
[Site "?"]
[Date "2011.10.15"]
[Round "1.6"]
[White "Srvatka, Igor"]
[Black "Zetocha, Claudiu"]
[Result "0-1"]
[WhiteElo "2226"]
[BlackElo "2355"]
[PlyCount "82"]
[EventDate "2011.??.??"]

1. d4 Nf6 2. c4 c5 3. d5 b5 4. cxb5 a6 5. bxa6 g6 6. Nc3 Bxa6 7. e4 Bxf1 8.
Kxf1 d6 9. Nf3 Nbd7 10. g3 Bg7 11. Kg2 O-O 12. h3 Qb6 13. Re1 Rfb8 14. Re2 Qa6
15. Qc2 Ne8 16. Bf4 Rxb2 17. Qxb2 Bxc3 18. Qxc3 Qxe2 19. Nd2 Nef6 20. Qf3 Qxf3+
21. Kxf3 Nh5 22. a4 f5 23. Bg5 Nhf6 24. exf5 gxf5 25. Kf4 Nxd5+ 26. Kxf5 Kf7
27. a5 e6+ 28. Ke4 Nb4 29. f4 d5+ 30. Kf3 Nb8 31. Nb3 N8a6 32. Rc1 Rc8 33. Nd4
Rb8 34. Ne2 Na2 35. Rc2 Rb3+ 36. Kg4 N2b4 37. Rc1 d4 38. Rd1 Nd5 39. Nxd4 cxd4
40. Rxd4 Kg6 41. Kh4 Ne3 0-1

[Event "SR 1. liga zapad 2011/2012"]
[Site "?"]
[Date "2011.10.15"]
[Round "1.6"]
[White "Sulek, Viliam"]
[Black "Pupak, Tomas"]
[Result "1-0"]
[WhiteElo "2135"]
[BlackElo "1968"]
[PlyCount "107"]
[EventDate "2011.??.??"]

1. e4 c6 2. d4 d5 3. exd5 cxd5 4. Bd3 Nc6 5. c3 Nf6 6. Bg5 Bg4 7. Qb3 Qd7 8.
Nd2 e6 9. Ngf3 Bd6 10. O-O Bh5 11. Rfe1 Bg6 12. Bf1 Ne4 13. Nxe4 Bxe4 14. Nd2
Bg6 15. a4 O-O 16. g3 Rfc8 17. Qd1 h6 18. Be3 a6 19. Qf3 Rab8 20. Bf4 b5 21.
axb5 axb5 22. Bxd6 Qxd6 23. b4 Ne7 24. Nb3 Be4 25. Qe3 Nf5 26. Qd2 Qc6 27. Nc5
Nd6 28. Ra6 Rb6 29. Rea1 Bg6 30. Ra7 Ne4 31. Qe3 Rc7 32. f3 Nd6 33. Qf4 Kh7 34.
R7a6 Nf5 35. Rxb6 Qxb6 36. Ra6 Qb8 37. Rc6 Rb7 38. Nxb7 Qxb7 39. Rc5 Qa7 40.
Qc1 Nd6 41. Rc6 Nc4 42. Bxc4 bxc4 43. Qb2 Qa4 44. Rc7 Qd1+ 45. Kg2 Bd3 46. Qf2
Qc1 47. b5 Qxc3 48. b6 Qb3 49. b7 Qb6 50. Rxf7 Bg6 51. Re7 c3 52. Qe2 Qd8 53.
Rxg7+ Kxg7 54. Qe5+ 1-0

[Event "SR 1. liga zapad 2011/2012"]
[Site "?"]
[Date "2011.10.15"]
[Round "1.6"]
[White "Veres, Andrej"]
[Black "Privara, Igor"]
[Result "1/2-1/2"]
[WhiteElo "2174"]
[BlackElo "2264"]
[PlyCount "85"]
[EventDate "2011.??.??"]

1. d4 Nf6 2. c4 e6 3. Nf3 c5 4. d5 exd5 5. cxd5 d6 6. Nc3 g6 7. e4 Bg7 8. Be2
O-O 9. O-O Re8 10. Nd2 Na6 11. f3 Nc7 12. a4 b6 13. Qc2 Rb8 14. Rb1 Na6 15. Bb5
Nb4 16. Qd1 Rf8 17. Nc4 a6 18. Bc6 Bb7 19. Bxb7 Rxb7 20. Bf4 Ne8 21. Qe2 b5 22.
axb5 axb5 23. Na3 c4 24. Naxb5 Rxb5 25. Nxb5 Qb6+ 26. Be3 Qxb5 27. b3 Nd3 28.
Rfd1 Qa6 29. bxc4 Ne5 30. Rdc1 Nd7 31. Rc2 Nc5 32. e5 Qc8 33. exd6 Nxd6 34. Rb6
Nf5 35. Rc6 Qa8 36. Bxc5 Qa1+ 37. Qf1 Bd4+ 38. Rf2 Ra8 39. g4 Bxc5 40. Rc8+ Kg7
41. Rxa8 Bxf2+ 42. Kxf2 Qd4+ 43. Ke1 1/2-1/2

[Event "SR 1. liga zapad 2011/2012"]
[Site "?"]
[Date "2011.10.16"]
[Round "2.1"]
[White "Banas, Jan"]
[Black "Lanc, Alois"]
[Result "1/2-1/2"]
[WhiteElo "2318"]
[BlackElo "2367"]
[PlyCount "38"]
[EventDate "2011.??.??"]

1. e4 e5 2. Nf3 Nc6 3. Bc4 Bc5 4. c3 Nf6 5. d3 d6 6. O-O Bb6 7. a4 a6 8. Bb3 h6
9. Nbd2 Ba7 10. Nc4 O-O 11. Be3 Re8 12. Bxa7 Rxa7 13. Ne3 Na5 14. Bc2 Ra8 15.
Re1 Nc6 16. h3 Bd7 17. Nh2 Ne7 18. Nhg4 Ng6 19. Bb3 Be6 1/2-1/2

[Event "SR 1. liga zapad 2011/2012"]
[Site "?"]
[Date "2011.10.16"]
[Round "2.1"]
[White "Drtina, Milan"]
[Black "Martiska, Peter"]
[Result "1/2-1/2"]
[WhiteElo "2247"]
[BlackElo "2281"]
[PlyCount "26"]
[EventDate "2011.??.??"]

1. e4 c6 2. d4 d5 3. exd5 cxd5 4. Bd3 Nc6 5. c3 g6 6. Nf3 Bg7 7. O-O Nh6 8. h3
O-O 9. Bf4 f6 10. Re1 Nf7 11. Bb5 Nd6 12. Qe2 Nxb5 13. Qxb5 a6 1/2-1/2

[Event "SR 1. liga zapad 2011/2012"]
[Site "?"]
[Date "2011.10.16"]
[Round "2.1"]
[White "Dvoranova, Maria"]
[Black "Stetina, Erik"]
[Result "0-1"]
[WhiteElo "2066"]
[BlackElo "2042"]
[PlyCount "162"]
[EventDate "2011.??.??"]

1. d4 Nf6 2. Nf3 e6 3. g3 b6 4. Bg2 Bb7 5. O-O Be7 6. c4 O-O 7. Nc3 d6 8. Re1
Nbd7 9. e4 e5 10. d5 Ne8 11. h4 a5 12. Bh3 Nc5 13. Be3 Bc8 14. Bxc8 Qxc8 15.
Kg2 h6 16. Bxc5 bxc5 17. Nd2 g6 18. Nf1 Bf6 19. Ne3 Bg7 20. h5 Nf6 21. hxg6
fxg6 22. Rc1 h5 23. Rc2 Bh6 24. f3 Bxe3 25. Rxe3 Kg7 26. Qh1 g5 27. Rf2 h4 28.
Qh3 Nh5 29. Qxc8 Raxc8 30. gxh4 Nf4+ 31. Kf1 gxh4 32. Ne2 Rb8 33. Nxf4 exf4 34.
Ree2 Kf6 35. Rh2 Rh8 36. Reg2 Ke5 37. Rg7 Rb7 38. Rd2 h3 39. Kg1 h2+ 40. Kh1
Kf6 41. Rgg2 Rh3 42. Rdf2 Rb4 43. Rxh2 Rxh2+ 44. Kxh2 Rxc4 45. Kh3 Ke5 46. Rd2
Rc1 47. Kg2 a4 48. Kf2 Rh1 49. Kg2 Re1 50. Kf2 Re3 51. Rd1 c4 52. Rd2 a3 53.
bxa3 Rxa3 54. Ke2 c3 55. Rc2 Kd4 56. Kd1 Ke3 57. Re2+ Kxf3 58. Ke1 Ra4 59. Rc2
Rxe4+ 60. Kf1 Rc4 61. a4 Rxa4 62. Rxc3+ Ke4 63. Rxc7 Kxd5 64. Re7 Ra2 65. Re1
Rd2 66. Re7 Kd4 67. Ke1 Ra2 68. Re6 d5 69. Re7 Kd3 70. Re5 d4 71. Kf1 f3 72.
Rf5 f2 73. Re5 Kc4 74. Re8 d3 75. Rc8+ Kb3 76. Rb8+ Kc3 77. Rc8+ Kd2 78. Kxf2
Kd1+ 79. Ke3 d2 80. Kf2 Rc2 81. Rh8 Kc1 0-1

[Event "SR 1. liga zapad 2011/2012"]
[Site "?"]
[Date "2011.10.16"]
[Round "2.1"]
[White "Gorusa, Miroslav"]
[Black "Lukac, Roman"]
[Result "1/2-1/2"]
[WhiteElo "2213"]
[BlackElo "2165"]
[PlyCount "46"]
[EventDate "2011.??.??"]

1. d4 Nf6 2. c4 c5 3. d5 e6 4. Nc3 d6 5. e4 g6 6. Be2 Bg7 7. Nf3 O-O 8. O-O Na6
9. h3 e5 10. Ne1 Nc7 11. f4 exf4 12. Bxf4 Nce8 13. Bg5 h6 14. Bh4 g5 15. Bg3
Nd7 16. Rc1 Ne5 17. Nf3 Qe7 18. Kh1 f5 19. exf5 Bxf5 20. Nxe5 Bxe5 21. Bxe5
Qxe5 22. Bd3 Ng7 23. Qc2 Rae8 1/2-1/2

[Event "SR 1. liga zapad 2011/2012"]
[Site "?"]
[Date "2011.10.16"]
[Round "2.1"]
[White "Jancovic, Peter"]
[Black "Miklas, Marian"]
[Result "1/2-1/2"]
[WhiteElo "2149"]
[BlackElo "2143"]
[PlyCount "41"]
[EventDate "2011.??.??"]

1. e4 c5 2. Nc3 Nc6 3. f4 e6 4. Nf3 Nge7 5. g3 d5 6. d3 b6 7. Bg2 Bb7 8. O-O
Qd7 9. a3 g6 10. Nh4 f5 11. g4 Bg7 12. exf5 exf5 13. gxf5 gxf5 14. Qh5+ Kd8 15.
Ne2 Kc7 16. Rb1 Nd4 17. Nxd4 Bxd4+ 18. Kh1 Bf6 19. b4 cxb4 20. axb4 Rag8 21.
Bb2 1/2-1/2

[Event "SR 1. liga zapad 2011/2012"]
[Site "?"]
[Date "2011.10.16"]
[Round "2.1"]
[White "Likavsky, Tomas"]
[Black "Ondrus, Martin"]
[Result "1/2-1/2"]
[WhiteElo "2486"]
[BlackElo "2301"]
[PlyCount "130"]
[EventDate "2011.??.??"]

1. d4 d5 2. c4 c6 3. Nf3 Nf6 4. e3 e6 5. b3 Nbd7 6. Bb2 Bd6 7. Bd3 O-O 8. O-O
b6 9. Nc3 Bb7 10. Qc2 Qc7 11. e4 dxe4 12. Nxe4 Nxe4 13. Bxe4 h6 14. Rad1 Rad8
15. Rfe1 Rfe8 16. c5 Be7 17. b4 Ba6 18. a3 bxc5 19. dxc5 Nf6 20. Qc3 Bb5 21.
Bc2 a5 22. Rxd8 Rxd8 23. Nd4 axb4 24. axb4 Qb7 25. Bb3 Bf8 26. Nxb5 Qxb5 27.
Qc4 Rb8 28. Qxb5 Rxb5 29. Bc3 Bxc5 30. Ba4 Bxb4 31. Bxb5 Bxc3 32. Rc1 cxb5 33.
Rxc3 b4 34. Rc7 Nd5 35. Rb7 g6 36. g3 Kg7 37. Kg2 Kf6 38. Kf3 Kg7 39. Ke4 Kf6
40. h3 Nc3+ 41. Kd4 Nd5 42. Kc5 g5 43. Kd4 Ne7 44. Kd3 Nd5 45. Kc4 Kg6 46. Kd4
Kf6 47. Kc5 h5 48. Kd4 Ne7 49. Ke4 Nd5 50. Kd3 Kg6 51. Kd4 Kf6 52. Ke4 Nc3+ 53.
Kd3 Nd5 54. Kd4 Ne7 55. Ke4 Nd5 56. f4 gxf4 57. gxf4 Nc3+ 58. Kf3 Nd5 59. Kg3
Kg6 60. f5+ Kxf5 61. Rxf7+ Ke4 62. Kh4 e5 63. Kxh5 Nf4+ 64. Kg4 Nxh3 65. Kxh3
Kd3 1/2-1/2

[Event "SR 1. liga zapad 2011/2012"]
[Site "?"]
[Date "2011.10.16"]
[Round "2.1"]
[White "Sturdik, Igor"]
[Black "Dlhy, Jozef"]
[Result "0-1"]
[WhiteElo "2067"]
[BlackElo "2075"]
[PlyCount "96"]
[EventDate "2011.??.??"]

1. e4 c6 2. d4 d5 3. Nd2 dxe4 4. Nxe4 Nd7 5. Bc4 Ngf6 6. Ng5 e6 7. Qe2 Nb6 8.
Bd3 h6 9. N5f3 c5 10. dxc5 Bxc5 11. Bd2 Qc7 12. Ne5 Bd4 13. Bb5+ Bd7 14. Nxd7
Nbxd7 15. c3 Bc5 16. Nf3 a6 17. Ba4 O-O 18. O-O b5 19. Bb3 Rfe8 20. Rad1 e5 21.
Be3 Bxe3 22. fxe3 Nc5 23. Bd5 Rad8 24. e4 Ne6 25. g3 Nf8 26. Kg2 Nxd5 27. Rxd5
Rxd5 28. exd5 e4 29. Nd4 Qd7 30. Qh5 g6 31. Qxh6 Qxd5 32. Qe3 Qxa2 33. Rf2 Qd5
34. Rd2 Ne6 35. Nc2 Qe5 36. Nb4 Ng7 37. Nd5 Nf5 38. Qf4 Qxf4 39. Nxf4 Ne3+ 40.
Kf2 Nc4 41. Re2 Kg7 42. Nd5 Re6 43. Ne3 Ne5 44. Kg2 f5 45. h4 Rd6 46. Rf2 Nf3
47. Re2 Kf6 48. Rc2 Ne1+ 0-1

[Event "SR 1. liga zapad 2011/2012"]
[Site "?"]
[Date "2011.10.16"]
[Round "2.2"]
[White "Bury, Rastislav"]
[Black "Kaniansky, Miroslav"]
[Result "1/2-1/2"]
[WhiteElo "2173"]
[BlackElo "2199"]
[PlyCount "49"]
[EventDate "2011.??.??"]

1. d4 d5 2. Nf3 Nf6 3. g3 g6 4. Bg2 Bg7 5. O-O O-O 6. c4 dxc4 7. Na3 c5 8. Nxc4
Nc6 9. dxc5 Be6 10. Nfe5 Nxe5 11. Nxe5 Qc7 12. Nd3 Rad8 13. Qa4 Nd5 14. e4 Nc3
15. Qc2 Bc4 16. Nf4 Bxf1 17. Bxf1 Qxc5 18. bxc3 Qxc3 19. Qxc3 Bxc3 20. Rb1 Rd1
21. Kg2 Bd2 22. Nd3 Rc8 23. Be2 Rdxc1 24. Nxc1 Bxc1 25. Rxb7 1/2-1/2

[Event "SR 1. liga zapad 2011/2012"]
[Site "?"]
[Date "2011.10.16"]
[Round "2.2"]
[White "Detko, Jan"]
[Black "Diviak, Rastislav"]
[Result "1-0"]
[WhiteElo "2130"]
[BlackElo "2020"]
[PlyCount "111"]
[EventDate "2011.??.??"]

1. d4 d5 2. Nc3 Nf6 3. Bg5 Nbd7 4. f3 e6 5. e4 dxe4 6. Nxe4 Be7 7. Bxf6 Nxf6 8.
Bd3 O-O 9. Ne2 b6 10. Nxf6+ Bxf6 11. Be4 Rb8 12. Qd3 g6 13. O-O-O Bb7 14. h4 c5
15. h5 Bxe4 16. Qxe4 Qd5 17. Qxd5 exd5 18. Nc3 Bxd4 19. Nxd5 Rfe8 20. Rxd4 cxd4
21. Nf6+ Kg7 22. Nxe8+ Rxe8 23. Kd2 Re5 24. hxg6 hxg6 25. Re1 Rb5 26. b3 Rh5
27. Kd3 Rh2 28. Re2 Rh4 29. g3 Rh3 30. Rg2 f5 31. f4 Kf6 32. Kxd4 g5 33. fxg5+
Kxg5 34. Ke3 Kg4 35. Kf2 f4 36. gxf4+ Kxf4 37. Ke2 Ke4 38. Rg7 Rh2+ 39. Kd1 Ke3
40. Kc1 a5 41. Rg6 a4 42. bxa4 Rh4 43. Rxb6 Rxa4 44. Kb2 Kd4 45. Kb3 Ra8 46.
Rb5 Rc8 47. c4 Rh8 48. a4 Rh1 49. Rd5+ Ke4 50. a5 Rb1+ 51. Ka4 Rc1 52. Kb5 Rb1+
53. Kc5 Ra1 54. Kb6 Rc1 55. Rh5 Rb1+ 56. Rb5 1-0

[Event "SR 1. liga zapad 2011/2012"]
[Site "?"]
[Date "2011.10.16"]
[Round "2.2"]
[White "Dobrotka, Martin"]
[Black "Gasa, Andrej"]
[Result "0-1"]
[WhiteElo "2259"]
[BlackElo "2257"]
[PlyCount "80"]
[EventDate "2011.??.??"]

1. d4 Nf6 2. c4 e6 3. Nf3 c5 4. Nc3 cxd4 5. Nxd4 d5 6. cxd5 Nxd5 7. e4 Nxc3 8.
bxc3 a6 9. Be2 Be7 10. O-O e5 11. Nf5 Bxf5 12. Qxd8+ Bxd8 13. exf5 Nc6 14. f4
O-O 15. Bf3 Bf6 16. Rb1 Rab8 17. Ba3 Rfd8 18. Bxc6 bxc6 19. Rxb8 Rxb8 20. Bd6
Re8 21. Re1 e4 22. c4 Bc3 23. Re2 e3 24. g4 Bd2 25. h3 f6 26. Kg2 Re4 27. Bc5
Bc1 28. Kf3 Rxc4 29. Bxe3 Rc3 30. Ke4 Ba3 31. Rd2 Rxe3+ 32. Kxe3 Bc1 33. Kd3
Bxd2 34. Kxd2 Kf7 35. Kc3 Ke7 36. Kc4 Kd6 37. Kd4 c5+ 38. Kc4 Kc6 39. h4 h6 40.
g5 Kd6 0-1

[Event "SR 1. liga zapad 2011/2012"]
[Site "?"]
[Date "2011.10.16"]
[Round "2.2"]
[White "Gazikova, Veronika"]
[Black "Hanzluvka, Peter"]
[Result "1/2-1/2"]
[WhiteElo "1897"]
[BlackElo "1987"]
[PlyCount "103"]
[EventDate "2011.??.??"]

1. e4 c5 2. Nc3 d6 3. f4 g6 4. Nf3 Bg7 5. Bb5+ Nc6 6. Bxc6+ bxc6 7. d3 Nf6 8.
O-O O-O 9. Qe1 Rb8 10. Rb1 e6 11. e5 Nd5 12. Ne4 Nb4 13. Qf2 dxe5 14. Nxe5 Qd5
15. a3 f6 16. Nc4 f5 17. Ne3 Qa2 18. Bd2 Nxd3 19. cxd3 fxe4 20. dxe4 Bd4 21.
Qg3 Rxb2 22. Rxb2 Qxb2 23. Bc1 Qc2 24. e5 Ba6 25. Re1 Qc3 26. Rd1 Be2 27. Re1
Bb5 28. Rd1 Rb8 29. Qh3 Bc4 30. Kh1 Qb3 31. Re1 Qc3 32. Rd1 Rb1 33. Nxc4 Qxc4
34. Qh4 Qd5 35. Qe7 Rb8 36. Qxa7 Qb3 37. Rf1 Rf8 38. Qa6 Qb5 39. Qxb5 cxb5 40.
Rd1 Ra8 41. g3 Ra4 42. Kg2 Rc4 43. g4 Rc2+ 44. Kg3 Bb2 45. Bxb2 Rxb2 46. Rd8+
Kf7 47. Rc8 Rb3+ 48. Kh4 Rc3 49. Kg5 b4 50. axb4 cxb4 51. Rb8 Rc4 52. h3
1/2-1/2

[Event "SR 1. liga zapad 2011/2012"]
[Site "?"]
[Date "2011.10.16"]
[Round "2.2"]
[White "Hanko, Pavol"]
[Black "Polasek, Filip"]
[Result "1-0"]
[WhiteElo "2138"]
[BlackElo "2123"]
[PlyCount "70"]
[EventDate "2011.??.??"]

1. d4 d5 2. Nf3 e6 3. c4 Nf6 4. Bg5 Be7 5. e3 O-O 6. Nc3 b6 7. Be2 Bb7 8. Bxf6
Bxf6 9. cxd5 exd5 10. b4 a5 11. b5 Be7 12. O-O Nd7 13. Qb3 Nf6 14. Ne5 Qd6 15.
a3 Rab8 16. Rfc1 Nd7 17. f4 Nxe5 18. fxe5 Qh6 19. Nd1 c5 20. bxc6 Bxc6 21. Rc3
f5 22. Bf3 Kh8 23. Rac1 Ba8 24. Bxd5 Bxd5 25. Qxd5 Rbd8 26. Qb7 Bg5 27. g3 f4
28. exf4 Bxf4 29. gxf4 Qxf4 30. Ne3 Qxd4 31. e6 Rde8 32. Qd5 Qf6 33. Ng4 Qg6
34. Rg3 Rxe6 35. Rf1 Rxf1+ 1-0

[Event "SR 1. liga zapad 2011/2012"]
[Site "?"]
[Date "2011.10.16"]
[Round "2.2"]
[White "Meszaros, Michal"]
[Black "Gazik, Igor"]
[Result "0-1"]
[WhiteElo "2377"]
[BlackElo "2328"]
[PlyCount "42"]
[EventDate "2011.??.??"]

1. e4 e5 2. Nf3 Nc6 3. Bb5 f5 4. Nc3 fxe4 5. Nxe4 Nf6 6. Qe2 d5 7. Nxf6+ gxf6
8. d4 Bg7 9. dxe5 O-O 10. e6 Ne5 11. O-O c5 12. c3 Bxe6 13. Bf4 Bg4 14. Qe3
Bxf3 15. gxf3 Qb6 16. Ba4 Rad8 17. Kg2 Kh8 18. b4 Qa6 19. Bd1 Ng6 20. bxc5
Nxf4+ 21. Qxf4 Rg8 0-1

[Event "SR 1. liga zapad 2011/2012"]
[Site "?"]
[Date "2011.10.16"]
[Round "2.2"]
[White "Pericka, Tomas"]
[Black "Marko, Anton"]
[Result "0-1"]
[WhiteElo "2008"]
[BlackElo "2127"]
[PlyCount "104"]
[EventDate "2011.??.??"]

1. e4 g6 2. d4 Bg7 3. Be3 d6 4. Nc3 c6 5. f4 Nf6 6. Be2 b5 7. e5 dxe5 8. fxe5
Nd5 9. Nxd5 Qxd5 10. Bf3 Qd8 11. Qd2 Be6 12. Nh3 Bd5 13. O-O O-O 14. Ng5 Na6
15. Bxd5 Qxd5 16. Rf4 f6 17. exf6 exf6 18. Nh3 Rae8 19. Rh4 g5 20. Rg4 h6 21.
Rg3 f5 22. Bf2 Nc5 23. Qb4 Ne4 24. Rd3 Nxf2 25. Nxf2 Re2 26. c3 Rfe8 27. Rdd1
Bf8 28. Qa5 Bd6 29. c4 bxc4 30. Qxd5+ cxd5 31. b3 Bxh2+ 32. Kxh2 Rxf2 33. bxc4
Ree2 34. Rg1 dxc4 35. Rac1 Rxa2 36. Rxc4 Kf7 37. Kg3 f4+ 38. Kg4 Rxg2+ 39. Rxg2
Rxg2+ 40. Kf5 Ke7 41. Rc7+ Kd6 42. Rxa7 f3 43. Ke4 f2 44. Ra6+ Ke7 45. Ra7+ Kf8
46. Ra8+ Kg7 47. Ra7+ Kg6 48. Ra6+ Kh5 49. Rf6 g4 50. d5 g3 51. d6 Rg1 52. d7
Re1+ 0-1

[Event "SR 1. liga zapad 2011/2012"]
[Site "?"]
[Date "2011.10.16"]
[Round "2.3"]
[White "Berza, Stefan"]
[Black "Kimerling, Martin"]
[Result "0-1"]
[WhiteElo "2092"]
[BlackElo "2015"]
[PlyCount "66"]
[EventDate "2011.??.??"]

1. e4 d6 2. d4 Nf6 3. Nc3 g6 4. Be2 Bg7 5. g4 O-O 6. g5 Nfd7 7. Be3 c5 8. Qd2
Nc6 9. Nf3 a6 10. h4 b5 11. h5 Bb7 12. hxg6 hxg6 13. O-O-O Qa5 14. Kb1 Rfd8 15.
Rh4 e6 16. Rdh1 Rac8 17. d5 b4 18. Nd1 exd5 19. exd5 Ne7 20. c4 bxc3 21. Nxc3
Nf5 22. Rh7 Nb6 23. Bd3 Nxd5 24. Bxf5 Nxc3+ 25. bxc3 gxf5 26. Rxg7+ Kxg7 27.
Bd4+ cxd4 28. Qxd4+ Kf8 29. Rh8+ Ke7 30. Qf6+ Kd7 31. Qxf7+ Kc6 32. Nd4+ Kb6
33. Rh7 Be4+ 0-1

[Event "SR 1. liga zapad 2011/2012"]
[Site "?"]
[Date "2011.10.16"]
[Round "2.3"]
[White "Borosova, Zuzana"]
[Black "Hartl, Jan"]
[Result "1-0"]
[WhiteElo "2284"]
[BlackElo "2189"]
[PlyCount "50"]
[EventDate "2011.??.??"]

1. e4 e5 2. Nf3 Nc6 3. Bc4 Nf6 4. d3 h6 5. c3 Bc5 6. O-O Bb6 7. Nbd2 O-O 8. Bb3
d5 9. exd5 Nxd5 10. Nc4 Re8 11. Re1 Bg4 12. h3 Bh5 13. g4 Bg6 14. Ncxe5 Nxe5
15. Nxe5 Bh7 16. Qf3 c6 17. Qxf7+ Kh8 18. d4 Qh4 19. Qh5 Qf6 20. g5 Qf5 21.
Nf7+ Kg8 22. Nxh6+ Kf8 23. Rxe8+ Rxe8 24. Qxe8+ Kxe8 25. Nxf5 Bxf5 1-0

[Event "SR 1. liga zapad 2011/2012"]
[Site "?"]
[Date "2011.10.16"]
[Round "2.3"]
[White "Edes, Zsofia"]
[Black "Syrovy, Ivan"]
[Result "1/2-1/2"]
[WhiteElo "1989"]
[BlackElo "2047"]
[PlyCount "93"]
[EventDate "2011.??.??"]

1. d4 d6 2. c4 Nd7 3. e4 e5 4. d5 Ngf6 5. Nc3 Nc5 6. Bd3 Nxd3+ 7. Qxd3 c6 8.
Bg5 h6 9. Bh4 Be7 10. Rd1 g5 11. Bg3 Nh5 12. Nge2 Nf4 13. Bxf4 gxf4 14. b4 a5
15. dxc6 bxc6 16. b5 Be6 17. bxc6 Qc7 18. Nd5 Qxc6 19. Nec3 Rc8 20. Nxe7 Kxe7
21. Nd5+ Bxd5 22. cxd5 Qc2 23. Qxc2 Rxc2 24. Rd2 Rc1+ 25. Rd1 Rhc8 26. O-O R1c2
27. Ra1 R8c4 28. f3 Rb2 29. Rf2 Rxf2 30. Kxf2 Rc2+ 31. Kg1 a4 32. a3 Rc3 33.
Ra2 Kd7 34. Kf2 Kc7 35. Ke2 Kb6 36. Kd2 Rb3 37. h3 Kb5 38. Kc1 Kc4 39. Kd2 Rd3+
40. Kc2 Re3 41. Kd2 Kb3 42. Rc2 Kxa3 43. Rc6 Kb2 44. Rxd6 Rb3 45. Rc6 a3 46.
Rc2+ Kb1 47. Rc1+ 1/2-1/2

[Event "SR 1. liga zapad 2011/2012"]
[Site "?"]
[Date "2011.10.16"]
[Round "2.3"]
[White "Frindt, Kornel"]
[Black "Janko, Zoltan"]
[Result "0-1"]
[WhiteElo "2223"]
[BlackElo "2287"]
[PlyCount "110"]
[EventDate "2011.??.??"]

1. e4 c5 2. Nf3 Nc6 3. d4 cxd4 4. Nxd4 Qb6 5. Nb3 Nf6 6. Nc3 e6 7. Be3 Qc7 8.
g3 a6 9. Bg2 Ne5 10. O-O Nc4 11. Bf4 e5 12. Bc1 d6 13. Nd2 Bg4 14. Nf3 b5 15.
Nd5 Nxd5 16. Qxd5 Rc8 17. c3 Be7 18. h3 Be6 19. Qd1 O-O 20. Qe2 Nb6 21. Re1 a5
22. Nd2 b4 23. cxb4 axb4 24. a4 b3 25. Qe3 Ra8 26. a5 Nd7 27. a6 Nc5 28. Bf1
Rfb8 29. Nb1 Rb6 30. Bd2 Qb8 31. Ba5 Rbxa6 32. Bxa6 Rxa6 33. Nd2 Qa8 34. Qc3
Bd8 35. Bxd8 Rxa1 36. Rxa1 Qxa1+ 37. Kg2 Bxh3+ 38. Kh2 Be6 39. Bb6 h6 40. Bxc5
dxc5 41. Nxb3 Qf1 42. Qe3 Bxb3 43. Qxb3 Qxf2+ 44. Kh3 Qf1+ 45. Kh2 Qe2+ 46. Kg1
Qxe4 47. Qb5 Qd4+ 48. Kg2 Qd5+ 49. Kf2 e4 50. Ke3 Qd4+ 51. Ke2 e3 52. Qe8+ Kh7
53. Kf3 f5 54. Qe6 Qg4+ 55. Kxe3 f4+ 0-1

[Event "SR 1. liga zapad 2011/2012"]
[Site "?"]
[Date "2011.10.16"]
[Round "2.3"]
[White "Janos, Ivan"]
[Black "Szegi, Tamas"]
[Result "0-1"]
[WhiteElo "2142"]
[BlackElo "2246"]
[PlyCount "73"]
[EventDate "2011.??.??"]

1. e4 c5 2. Nf3 e6 3. d4 cxd4 4. Nxd4 Nf6 5. Nc3 d6 6. Be3 a6 7. f3 Be7 8. g4
b5 9. a3 Nfd7 10. Nce2 Nb6 11. Ng3 Qc7 12. Qd2 Nc6 13. Nh5 Bh4+ 14. Kd1 Bf6 15.
Nxf6+ gxf6 16. Qc3 Bb7 17. Nxc6 Bxc6 18. Qxf6 Rg8 19. Bd3 Nd7 20. Qd4 d5 21.
exd5 Bxd5 22. Be4 Rd8 23. Kc1 Ne5 24. Qb6 Qc8 25. Bxh7 Rxg4 26. fxg4 Bxh1 27.
Bg5 Rd5 28. b3 Bf3 29. h3 f5 30. Kb2 Be4 31. Rc1 Rc5 32. Bg6+ Nxg6 33. c4 Ne5
34. Qd6 Nd3+ 35. Ka1 Qd7 36. Qxd7+ Kxd7 37. Be3 0-1

[Event "SR 1. liga zapad 2011/2012"]
[Site "?"]
[Date "2011.10.16"]
[Round "2.3"]
[White "Kukel, Imre 1985"]
[Black "Gabris, Ondrej"]
[Result "1-0"]
[WhiteElo "2305"]
[BlackElo "2146"]
[PlyCount "119"]
[EventDate "2011.??.??"]

1. e4 d5 2. exd5 Nf6 3. d4 Bg4 4. f3 Bf5 5. g4 Bg6 6. c4 e6 7. g5 Nh5 8. Nc3
exd5 9. cxd5 Bd6 10. Qe2+ Qe7 11. Qxe7+ Kxe7 12. Nge2 Nd7 13. Kf2 Nb6 14. Bg2
Rhe8 15. f4 f5 16. b3 Bf7 17. Bd2 g6 18. Rac1 Red8 19. Rc2 Kd7 20. a4 a5 21.
Rhc1 Ba3 22. Rd1 Bd6 23. Bf3 Ng7 24. Nc1 Ne8 25. Nd3 Kc8 26. Re1 Bb4 27. Ne5
Bg8 28. Nc4 Nxc4 29. bxc4 Nd6 30. Nb1 Kd7 31. c5 Ne4+ 32. Bxe4 fxe4 33. Rxe4
Bxd5 34. Re5 c6 35. Rb2 Re8 36. Bxb4 axb4 37. Rxb4 Rxe5 38. dxe5 Kc7 39. Ke3
Rd8 40. Nc3 Bg2 41. Rb1 Re8 42. Ne4 Re7 43. Nd6 Bf1 44. Rb4 Ba6 45. h4 Kb8 46.
Ke4 Bf1 47. Rb2 Bh3 48. h5 Be6 49. hxg6 hxg6 50. Rh2 Bd5+ 51. Kd4 Be6 52. Rh8+
Kc7 53. a5 Bd7 54. Ra8 Rh7 55. Ra7 Bc8 56. a6 Rh1 57. axb7 Rd1+ 58. Ke3 Bg4 59.
Ra8 Re1+ 60. Kf2 1-0

[Event "SR 1. liga zapad 2011/2012"]
[Site "?"]
[Date "2011.10.16"]
[Round "2.3"]
[White "Michal, Silvio"]
[Black "Baranek, Jozef"]
[Result "1/2-1/2"]
[WhiteElo "2108"]
[BlackElo "2152"]
[PlyCount "93"]
[EventDate "2011.??.??"]

1. c4 Nf6 2. Nc3 d5 3. cxd5 Nxd5 4. g3 g6 5. Bg2 c6 6. Qb3 Nb6 7. Nf3 Bg7 8. d4
Be6 9. Qc2 Na6 10. O-O O-O 11. Rd1 Nb4 12. Qb1 a5 13. a3 Na6 14. Qc2 a4 15.
Nxa4 Nxa4 16. Qxa4 Nc5 17. Qc2 Bb3 18. Qxc5 b6 19. Qb4 Bxd1 20. Bg5 c5 21. Qc4
Ba4 22. Ne5 Qxd4 23. Qxd4 cxd4 24. Bxa8 Rxa8 25. Nd3 f6 26. Bd2 e5 27. Rc1 Rd8
28. f3 Kf7 29. g4 Ke6 30. Kf2 Rd7 31. b3 Bxb3 32. Rb1 Bd5 33. Rxb6+ Kf7 34. a4
f5 35. gxf5 gxf5 36. Nb4 Bc4 37. a5 e4 38. fxe4 fxe4 39. Bf4 Bf8 40. Nc6 e3+
41. Ke1 Bg7 42. Be5 d3 43. exd3 Bxd3 44. Bxg7 Kxg7 45. Ne5 Rd5 46. Rb7+ Kh6 47.
Nxd3 1/2-1/2

[Event "SR 1. liga zapad 2011/2012"]
[Site "?"]
[Date "2011.10.16"]
[Round "2.3"]
[White "Tibensky, Robert"]
[Black "Bagi, Mate"]
[Result "1/2-1/2"]
[WhiteElo "2410"]
[BlackElo "2309"]
[PlyCount "109"]
[EventDate "2011.??.??"]

1. d4 Nf6 2. c4 g6 3. Nf3 Bg7 4. g3 O-O 5. Bg2 d5 6. cxd5 Nxd5 7. O-O Nb6 8. e4
Bg4 9. d5 Qd7 10. Nc3 c6 11. Qb3 cxd5 12. exd5 Na6 13. Be3 Rfc8 14. Nd2 Nc5 15.
Qa3 Nca4 16. Nxa4 Nxa4 17. b3 Bxa1 18. Rxa1 Nc3 19. Nc4 Nb5 20. Qb2 f6 21. Bf4
Rf8 22. Qd2 Rad8 23. Re1 Rf7 24. a4 Nd6 25. Bxd6 exd6 26. f3 Bh3 27. Bxh3 Qxh3
28. Re6 Qh5 29. Kg2 Qg5 30. Qd4 Rfd7 31. h4 Qf5 32. Ne3 Qb1 33. Ng4 Qc2+ 34.
Kg1 Qc5 35. Nxf6+ Kf7 36. Qxc5 dxc5 37. Nxd7 Rxd7 38. Re5 Kf6 39. f4 Re7 40. d6
Rd7 41. Rxc5 Rxd6 42. Kg2 h5 43. b4 Rd4 44. Rb5 b6 45. a5 bxa5 46. bxa5 Ra4 47.
Rc5 Ra2+ 48. Kh3 Ra1 49. Rc6+ Kf5 50. Ra6 Ke4 51. Rxg6 Kf3 52. Kh2 Ra2+ 53. Kh3
Ra1 54. Kh2 Ra2+ 55. Kh3 1/2-1/2

[Event "SR 1. liga zapad 2011/2012"]
[Site "?"]
[Date "2011.10.16"]
[Round "2.4"]
[White "Antol, Ladislav"]
[Black "Siroky, Jan"]
[Result "1/2-1/2"]
[WhiteElo "2080"]
[BlackElo "2166"]
[PlyCount "32"]
[EventDate "2011.??.??"]

1. e4 e6 2. d4 d5 3. Nd2 c5 4. dxc5 Bxc5 5. Nb3 Be7 6. exd5 exd5 7. Bd3 Nf6 8.
Ne2 O-O 9. O-O Nc6 10. Ned4 Ne5 11. Re1 Nxd3 12. Qxd3 Ne4 13. f3 Nd6 14. Kh1
Bf6 15. Bd2 Nc4 16. Bc3 Bd7 1/2-1/2

[Event "SR 1. liga zapad 2011/2012"]
[Site "?"]
[Date "2011.10.16"]
[Round "2.4"]
[White "Beres, Dominik"]
[Black "Mikova, Veronika"]
[Result "1/2-1/2"]
[WhiteElo "2107"]
[BlackElo "2060"]
[PlyCount "104"]
[EventDate "2011.??.??"]

1. e4 e6 2. d4 b6 3. f4 Bb7 4. Nd2 d5 5. e5 c5 6. c3 Nc6 7. Ngf3 Nge7 8. Bd3
Qc7 9. O-O g6 10. a3 c4 11. Bc2 b5 12. b4 a5 13. Rb1 a4 14. g4 h5 15. h3 Bh6
16. Qe2 O-O-O 17. Ng5 Bxg5 18. fxg5 hxg4 19. hxg4 Rh7 20. Nf3 Rdh8 21. Bf4 Qd8
22. Kg2 Qg8 23. Rh1 Rxh1 24. Rxh1 Rxh1 25. Kxh1 Qh8+ 26. Kg2 Kd7 27. Bg3 Nd8
28. Qe3 Bc6 29. Qf4 Qh7 30. Nh4 Ng8 31. Qf1 Ne7 32. Qb1 Nc8 33. Bf2 Nb6 34. Kg3
Kc7 35. Be3 Be8 36. Qf1 Nd7 37. Ng2 Nc6 38. Bf4 Qh8 39. Qg1 Nb6 40. Ne3 Nb8 41.
Qg2 Nc6 42. Qg1 Nb8 43. Ng2 Qh7 44. Qd1 N8d7 45. Nh4 Qh8 46. Be3 Kb7 47. Qf1
Kc7 48. Qf4 Kb7 49. Qf1 Kc7 50. Bf4 Kc6 51. Qb1 Qg8 52. Qe1 Qh8 1/2-1/2